00474 2200205 4500001002100000008004100021035002000062245003300082100002000115250000600135260003200141300001200173084001400185082000800199650001300207990001200220990001200232990001200244990001200256INLIS000000000000645 ind  a0010-0424000621 aAnalisis DNAcWilliam Hunter aHunter, William a1 aBandung :bPakar Rayac2009 a112 hlm a500 WIL a a500 aNonfiksi a0721634 a0721635 a0721636 a0721637